2025-2026 Green Bay Packers Roster - Statistics

General Stats
  • This quiz has been taken 72 times
  • The average score is 30 of 51
Answer Stats
Position Name % Correct
Quarterback Jordan Love
100%
Running Back Josh Jacobs
96%
Quarterback Malik Willis
93%
Tight End Tucker Kraft
93%
Wide Receiver Christian Watson
91%
Wide Receiver Jayden Reed
89%
Wide Receiver Matthew Golden
89%
Wide Receiver Romeo Doubs
89%
Defensive Lineman Micah Parsons
83%
Wide Receiver Dontayvion Wicks
80%
Running Back Emanuel Wilson
80%
Tight End Luke Musgrave
78%
Placekicker Brandon McManus
74%
Running Back Chris Brooks
74%
Linebacker Quay Walker
72%
Offensive Lineman Rasheed Walker
72%
Defensive Lineman Karl Brooks
70%
Wide Receiver Savion Williams
70%
Safety Xavier McKinney
70%
Punter Daniel Whelan
67%
Safety Evan Williams
67%
Cornerback Keisean Nixon
67%
Running Back MarShawn Lloyd
67%
Offensive Lineman Elgton Jenkins
65%
Defensive Lineman Lukas Van Ness
61%
Offensive Lineman Zach Tom
61%
Defensive Lineman Rashan Gary
59%
Cornerback Bo Melton
57%
Cornerback Carrington Valentine
57%
Defensive Lineman Devonte Wyatt
57%
Linebacker Edgerrin Cooper
57%
Linebacker Isaiah McDuffie
52%
Safety Javon Bullard
52%
Offensive Lineman Jordan Morgan
52%
Offensive Lineman Sean Rhyan
50%
Tight End John FitzPatrick
46%
Cornerback Nate Hobbs
46%
Offensive Lineman Aaron Banks
43%
Quarterback Desmond Ridder
41%
Tight End Josh Whyle
41%
Defensive Lineman Kingsley Enagbare
41%
Offensive Lineman Anthony Belton
37%
Long Snapper Matthew Orzech
37%
Safety Zayne Anderson
37%
Defensive Lineman Barryn Sorrell
30%
Offensive Lineman Darian Kinnard
22%
Defensive Lineman Brenton Cox Jr.
20%
Defensive Lineman Nazir Stackhouse
20%
Defensive Lineman Collin Oliver
17%
Linebacker Kristian Welch
13%
Defensive Lineman Warren Brinson
13%
No matching quizzes found
Score Distribution
Percent of People with Each Score
Percentile by Number Answered
Your Score History
You have not taken this quiz